[Event "Montevideo Trebejos op 03"]
[Site "Montevideo"]
[Date "2021.07.12"]
[Round "5"]
[White "Moreno, Diego"]
[Black "Meneses, Eduardo"]
[Result "1-0"]
[WhiteElo "1521"]
[BlackElo "1502"]
[PlyCount "47"]
[EventDate "2021.03.08"]
[EventType "swiss"]
[EventRounds "6"]
[EventCountry "URU"]
[SourceTitle "EXT 2022"]
[Source "ChessBase"]
[SourceDate "2021.10.06"]
[SourceVersion "1"]
[SourceVersionDate "2021.10.06"]
[SourceQuality "1"]

1. e4 d6 2. d4 Nf6 3. Nc3 g6 4. f3 Bg7 5. Be3 0-0 6. Bc4 Nbd7 7. Qd2 b6 8. 0-0-0 e5 9. Nge2 exd4 10. Nxd4 Bb7 11. Bh6 a5 12. h4 Ne5 13. Bb3 c5 14. Ndb5 c4 15. Ba4 Qe7 16. Bxg7 Kxg7 17. Qxd6 Qxd6 18. Rxd6 Bc6 19. f4 Bxb5 20. fxe5 Nxe4 21. Bxb5 Nxd6 22. exd6 Rac8 23. d7 Rc5 24. Re1 1-0

[Event "Montevideo Bouza Memorial"]
[Site "Montevideo"]
[Date "2017.07.21"]
[Round "4"]
[White "Silva Rosas, Natalia"]
[Black "Meneses, Eduardo"]
[Result "1-0"]
[WhiteElo "1811"]
[BlackElo "1691"]
[PlyCount "39"]
[EventDate "2017.07.12"]
[EventType "swiss"]
[EventRounds "7"]
[EventCountry "URU"]
[SourceTitle "EXT 2018"]
[Source "ChessBase"]
[SourceDate "2017.10.13"]
[SourceVersion "1"]
[SourceVersionDate "2017.10.13"]
[SourceQuality "1"]

1. e4 d6 2. d4 Nf6 3. Nc3 g6 4. f4 Bg7 5. Nf3 0-0 6. Bd3 Nbd7 7. f5 c5 8. 0-0 cxd4 9. Nxd4 Ne5 10. Qe1 d5 11. fxg6 fxg6 12. exd5 Nxd3 13. cxd3 Nxd5 14. Rxf8+ Kxf8 15. Ne6+ Bxe6 16. Qxe6 Nxc3 17. bxc3 Qxd3 18. Bg5 Re8 19. Rf1+ Bf6 20. Bh6# 1-0